Bilecik Bilecik Bilecik Bilecik Bilecik

Doğu Avrupa Türk tarihi/ (Record no. 72546)

MARC details
000 -BAŞLIK
Sabit Uzunluktaki Kontrol Alanı 02502nam a22006017a 4500
001 - KONTROL NUMARASI
Control Dosyası 0071792
003 - KONTROL NUMARASI KİMLİĞİ
Kontrol Alanı KOHA_MİRAKIL
005 - EN SON İŞLEM TARİHİ ve ZAMANI
Kontrol Alanı 20260207005027.0
007 - FİZİKSEL TANIM SABİT ALAN - GENEL BİLGİ
Sabit uzunluklu kontrol alanı ta
008 - SABİT UZUNLUKTAKİ VERİ ÖGELERİ - GENEL BİLGİ
Sabit Alan 240913b2023 tu |||gr||||#0|||0|tur |
020 ## - ISBN - ULUSLARARASI STANDART KİTAP NUMARASI
Isbn 9786055397838
040 ## - KATALOGLAMA KAYNAĞI
Özgün Kataloglama Kurumu TR-BiSEU
Kataloglama Dili tur
Çeviri Kurumu TR-BiSEU
Açıklama Kuralları rda
041 0# - DİL KODU
Metin ya da ses kaydının dil kodu tur
044 ## - YAYINLAYAN/ÜRETEN KURULUŞUN ÜLKE KODU
ISO country code tu
050 ## - SINIFLAMA ve YER NUMARASI
Sınıflama Numarası DS26
Yer Numarası .D64 2023
245 0# - ESER ADI BİLDİRİMİ
Başlık Doğu Avrupa Türk tarihi/
Sorumluluk Bildirimi editör Osman Karatay, Serkan Acar.
250 ## - BASIM BİLDİRİMİ
Basım Bildirimi 3. baskı
264 #1 - ÜRERİM, YAYIN, DAĞITIM ve TELİF BİLDİRİMİ
Yayın yeri İstanbul :
Yayınlayan Kronik Kitap
Yayın tarihi 2023
300 ## - FİZİKSEL TANIMLAMA
Sayfa, Cilt vb. 896 sayfa: harita; 24 cm.
336 ## - İÇERİK TÜRÜ
Content type term metin
Content type code txt
Source rdacontent
337 ## - MEDYA TÜRÜ
Media type term aracısız
Media type code n
Source rdamedia
338 ## - TAŞIYICI TÜRÜ
Carrier type term cilt
Carrier type code nc
Source rdacarrier
490 1# - DİZİ BİLDİRİMİ
Dizi Bildirimi Kronik Kitap ;
Cilt Numarası 156.
490 1# - DİZİ BİLDİRİMİ
Dizi Bildirimi Avrupa Tarihi dizisi ;
Cilt Numarası 5
500 ## - GENEL NOT
Genel Not Kaynakça ve dizin var.
650 #0 - KONU BAŞLIĞI EK GİRİŞ - KONU TERİMİ
Konusal terim veya coğrafi ad Türk Doğu Avrupa Tarihi.
9 (RLIN) 142151
650 #0 - KONU BAŞLIĞI EK GİRİŞ - KONU TERİMİ
Konusal terim veya coğrafi ad İskitler Tarihi.
9 (RLIN) 142152
650 #0 - KONU BAŞLIĞI EK GİRİŞ - KONU TERİMİ
Konusal terim veya coğrafi ad Sarmatlar Tarihi.
9 (RLIN) 142153
650 #0 - KONU BAŞLIĞI EK GİRİŞ - KONU TERİMİ
Konusal terim veya coğrafi ad Avrupa Hunları Tarihi.
9 (RLIN) 142154
650 #0 - KONU BAŞLIĞI EK GİRİŞ - KONU TERİMİ
Konusal terim veya coğrafi ad Suvarlar Tarihi.
9 (RLIN) 142155
650 #0 - KONU BAŞLIĞI EK GİRİŞ - KONU TERİMİ
Konusal terim veya coğrafi ad Avarlar Tarihi.
9 (RLIN) 142156
650 #0 - KONU BAŞLIĞI EK GİRİŞ - KONU TERİMİ
Konusal terim veya coğrafi ad Oğurlar Tarihi.
9 (RLIN) 142157
650 #0 - KONU BAŞLIĞI EK GİRİŞ - KONU TERİMİ
Konusal terim veya coğrafi ad Büyük Bulgar Devleti Tarihi.
9 (RLIN) 142158
650 #0 - KONU BAŞLIĞI EK GİRİŞ - KONU TERİMİ
Konusal terim veya coğrafi ad Tuna Bulgarları Tarihi.
9 (RLIN) 142159
650 #0 - KONU BAŞLIĞI EK GİRİŞ - KONU TERİMİ
Konusal terim veya coğrafi ad İtil Bulgarları Tarihi.
9 (RLIN) 142160
650 #0 - KONU BAŞLIĞI EK GİRİŞ - KONU TERİMİ
Konusal terim veya coğrafi ad Hazarlar Tarihi.
9 (RLIN) 142161
650 #0 - KONU BAŞLIĞI EK GİRİŞ - KONU TERİMİ
Konusal terim veya coğrafi ad Macarlar Tarihi.
9 (RLIN) 142162
650 #0 - KONU BAŞLIĞI EK GİRİŞ - KONU TERİMİ
Konusal terim veya coğrafi ad Peçenekler Tarihi.
9 (RLIN) 142163
650 #0 - KONU BAŞLIĞI EK GİRİŞ - KONU TERİMİ
Konusal terim veya coğrafi ad Uzlar (Oğuzlar) Tarihi.
9 (RLIN) 142164
650 #0 - KONU BAŞLIĞI EK GİRİŞ - KONU TERİMİ
Konusal terim veya coğrafi ad Kumanlar (Kıpçaklar) Tarihi.
9 (RLIN) 142165
650 #0 - KONU BAŞLIĞI EK GİRİŞ - KONU TERİMİ
Konusal terim veya coğrafi ad Altın Orda Devleti Tarihi.
9 (RLIN) 142166
650 #0 - KONU BAŞLIĞI EK GİRİŞ - KONU TERİMİ
Konusal terim veya coğrafi ad Kırım Hanlığı Tarihi.
9 (RLIN) 142167
650 #0 - KONU BAŞLIĞI EK GİRİŞ - KONU TERİMİ
Konusal terim veya coğrafi ad Kazan Hanlığı Tarihi.
9 (RLIN) 142168
650 #0 - KONU BAŞLIĞI EK GİRİŞ - KONU TERİMİ
Konusal terim veya coğrafi ad Kasım Hanlığı Tarihi.
9 (RLIN) 142169
650 #0 - KONU BAŞLIĞI EK GİRİŞ - KONU TERİMİ
Konusal terim veya coğrafi ad Astarhan Hanlığı.
9 (RLIN) 142170
650 #0 - KONU BAŞLIĞI EK GİRİŞ - KONU TERİMİ
Konusal terim veya coğrafi ad Sibir Hanlığı Tarihi.
9 (RLIN) 142171
650 #0 - KONU BAŞLIĞI EK GİRİŞ - KONU TERİMİ
Konusal terim veya coğrafi ad Nogaylar Tarihi.
9 (RLIN) 142172
650 #0 - KONU BAŞLIĞI EK GİRİŞ - KONU TERİMİ
Konusal terim veya coğrafi ad History of Turkish Eastern Europe.History of Scythians.History of Sarmatians.History of European Huns.History of Suvars.History of Avars.History of Oghurs.History of Great Bulgar State.History of Danube Bulgars.History of Itil Bulgars.History of Khazars.History of Hungarians.History of Pechenegs.History of Uzlar (Oghuz).History of Cumans (Kypchaks).History of Golden Horde State.History of Crimean Khanate.History of Kazan Khanate.History of Kasım Khanate.History of Astrakhan Khanate.History of Siberian Khanate.History of Nogays.
9 (RLIN) 142173
830 1# - SERİ EK GİRİŞİ - TEKBİÇİM ESER ADI
Tekbiçim Başlık Kronik Kitap ;
Volume number/sequential designation 156.
9 (RLIN) 116698
830 1# - SERİ EK GİRİŞİ - TEKBİÇİM ESER ADI
Tekbiçim Başlık Avrupa Tarihi dizisi ;
Volume number/sequential designation 5
9 (RLIN) 142174
907 ## - LOCAL DATA ELEMENT G, LDG (RLIN)
a Tarih
942 ## - EK GİRİŞ ÖGELERİ (KOHA)
Source of classification or shelving scheme Library of Congress Classification
Koha item type Book
Holdings
Materyal Türü Kalıcı Konum Mevcut Konum Raf Yeri Sınıflandırma Kaynağı Edinim Bilgisi Ana Konular Alt Konular Yer Numarası Demirbaş Numarası Fatura Tarihi Geri Çekilme Durumu Kayıp Durumu Hasarlı Durumu Kredi için değil Kayıt Tarih Toplam Ödünçverme Son Görülme Tarihi Son Kontrol Tarihi
Book Prof. Dr. Azmi Özcan Kütüphanesi Prof. Dr. Azmi Özcan Kütüphanesi Uluğbey Salonu Library of Congress Classification Satın DÜNYA TARİHİ (AVRUPA, ASYA, AFRİKA VB.) Asya DS26 .D64 2023 0071792 02/02/2026         13/09/2024   17/03/2025 17/03/2025